000 00324nam a22001457a 4500
020 _a978-0849335860
041 _aENG
100 _aCarter.M.R
245 _aSoil Sampling And Methods Of Analysis
250 _aSecond Ed
260 _aCelhi
_bCRC Press
_c1996
300 _a1204
650 _aSWCE
856 _uSWCE ( 43 )
999 _c1974
_d1974